000 00480nam a2200157 i 4500
001 69791
003 ES-MaACL
005 20230906170623.0
007 t|
008 040712s1980 sp ||||1| spa d
100 1 _aGarcía Hernández, Vicente.
_954762
245 1 4 _aLas arañas
_b: (comedia en tres actos) /
_cVicente García Hernández.
260 _aMurcia :
_b[Diputación Provincial de Murcia],
_c1980.
300 _a58 p. ;
_c21 cm.
852 _aES-MaACL
_jA-10903
_bR.100294
999 _c69791
_d69791